• 首页
  • 本馆介绍
  • 公告通知
  • 最新文献
  • 馆藏检索
  • 电子资源
  • 读者导购
  • 参考咨询
  • 我的图书馆
  • 登录
  • 详细信息显示
  • 放入我的书架
  • 预约/预借图书
  • 作者相关作品
  • 分类相关作品
  • 丛书相关作品
  • 出版社相关作品

书目信息

  • 表格格式
  • 工作单格式
  • 卡片格式
题名:
中外永恒主题散文精品 上
    
 
作者: 丁亚平 , 林非 编
分册:  
出版信息: 北京   中国广播电视出版社  1993.6
页数: 471页
开本: 20cm
丛书名:
单 册:
中图分类: I16
科图分类: 42.86
主题词: 散文--世界--选集
电子资源:
ISBN: 7-5043-2286-5
000 00879nam0 2200277 45
001 0194036490
005 20110224090944.95
009 0194036490
010    @a7-5043-2286-5@dCNY10.00
100    @a19940731e19941993em y0chiy0121 ea
101 0  @achi
102    @aCN@b110000
105    @ay z 000cy
200 10 @a中外永恒主题散文精品 上@Azhong wai yong heng zhu ti san wen jing pin shang@f林 非,丁亚平编@FLIN FEI , DING YA PING BIAN
210    @a北京@c中国广播电视出版社@d1993.6@h1994.5重印
215    @a471页@d20cm
330    @a本册分:人文景观、自然气象、四季晨昏、鸟兽花草、山水风光5类,收散文130余篇。
540 1  @a永恒 主题@AYONG HENG ZHU TI
606    @a散文@y世界@x选集
690    @aI16@v4
692    @a42.86
701  0 @a丁亚平@ADING YA PING@4编
701  0 @a林非@ALIN FEI@4编
801  0 @aCN@bNLC@c20110224
905    @dI16@aBZT@e5-1
906    @d$10@n0@r1
    
    中外永恒主题散文精品 上/林 非,丁亚平编.-北京:中国广播电视出版社,1993.6(1994.5重印)
    471页;20cm
    
    
    ISBN 7-5043-2286-5:CNY10.00
    本册分:人文景观、自然气象、四季晨昏、鸟兽花草、山水风光5类,收散文130余篇。
●
相关链接 在五车中查询图书 在当当中查询图书 在豆瓣中查询图书


正题名:中外永恒主题散文精品 上     索取号:I16/5-1         预约/预借

序号 登录号 条形码 馆藏地/架位号 状态 备注
1 427381   210285500   中心书库中库/打包BH0997/ [索取号:I16/5-1] 在馆    
2 427382   210285476   中心书库中库/打包BH1145/ [索取号:I16/5-1] 在馆    
3 427383   210285494   中心书库中库/打包BH0994/ [索取号:I16/5-1] 在馆    
4 427384   210285528   中心书库中库/打包BH1145/ [索取号:I16/5-1] 在馆    
5 427385   210285519   中心书库中库/打包BH1145/ [索取号:I16/5-1] 在馆    
6 427386   210285546   中心书库中库/打包BH1145/ [索取号:I16/5-1] 在馆    
7 427387   210285537   中心书库中库/打包BH1145/ [索取号:I16/5-1] 在馆    
8 427388   210285564   中心书库中库/打包BH1145/ [索取号:I16/5-1] 在馆    
9 427389   210285555   中心书库中库/打包BH0997/ [索取号:I16/5-1] 在馆    
10 427390   210285582   中心书库中库/打包BH1145/ [索取号:I16/5-1] 在馆    
山东省滨州职业学院图书馆 欢迎您!
大连网信软件有限公司© 版权所有